Strongest Invincible Characters by picture - Statistics

General Stats
  • This quiz has been taken 365 times
  • The average score is 14 of 16
Answer Stats
Picture Answer % Correct
Atom Eve
99%
Invincible
98%
Immortal
97%
Allen the Alien
96%
Conquest
96%
Oliver
96%
Omni Man
96%
Thragg
95%
Battle Beast
94%
Anissa
90%
Amber
89%
Donald
88%
Kregg
76%
Space Racer
74%
Thaedus
63%
Thula
58%
No matching quizzes found
Score Distribution
Percent of People with Each Score
Percentile by Number Answered
Your Score History
You have not taken this quiz